| 000 | 00813nam a22002057a 4500 | ||
|---|---|---|---|
| 999 |
_c16567 _d16567 |
||
| 003 | AR-CdUCM | ||
| 008 | 190503b ||||| |||| 00| 0 spa d | ||
| 040 |
_aMUNICIPALIDAD PROVINCIAL DEL CUSCO _cBIBLIOTECA MUNICIPAL DEL CUSCO |
||
| 082 |
_a160.27 / _bCH53 |
||
| 100 |
_aChilde, V. Gordon _91472 |
||
| 245 | _aSociedad y conocimiento / | ||
| 260 |
_aBuenos Aire : _bGalatea Nueva Visión, _c1958. |
||
| 300 |
_a141 páginas ; _c20 cm. |
||
| 505 | _aContenido: La prehistoria del conocimiento -- Conocimiento y recordación -- Estructura, correspondencia y comunicación -- Los símbolos y sus significados -- Las ideas como significados ... | ||
| 650 |
_aConocimiento _95704 |
||
| 650 |
_aCiencia _92098 |
||
| 700 |
_aNanda Anshen, Ruth (traductora) _936079 |
||
| 942 |
_2ddc _cLIBROS |
||
| 945 |
_aacv _d2019-05-03 |
||